00525nam a2200181 a 4500001001300000003000900013005001700022008004100039020002300080082001700103245005400120260004600174300000900220500003500229505002100264650002700285710003100312nice12345678IN_TiNIC20260116013636.0050524s1991 mada grp 000 0 eng  a8120673 c14500a954.092bASI aEminent Orientalistsb Indian, European, American aMadrasbAsian Educational Services c1991 a378p aincludes index and biblioraphy2 aAppendix, Plates aBiography-Orientalists2 aAsian Educational Services